000 00312nam a2200133Ia 4500
008 230312s9999||||xx |||||||||||||| ||und||
082 _a657
_bQUE
245 0 _aQuestion Papers and Suggested Answers
260 _bISHFAQ
_aLahore
_c1988
300 _a169
546 _aEng.
650 _aManagement
942 _cBK
999 _c1117
_d1117